00634nam a2200229 a 4500001001300000003000900013005001700022008004100039020001000080082001700090245001900107260005000126300000800176500003500184505001500219650001000234710003200244902000800276942000700284952009800291999001500389nice12345678IN_TiNIC20260116012552.0050524s1946 alla grp 000 0 urd  ac10000a242.721bNOR aBhajan Sangrah aAllahabadbNorth India Christian Tractsc1946 a32p aincludes index and biblioraphy2 aroman urdu aHymns2 aNorth India Christian Track bSRS cBK 00104070aHMIbHMId2008-04-15g100.00l0o242.721 NORp10926r2008-04-15w2026-01-16yARB c7491d7491